000 nam a22 a 4500
999 _c350
_d350
003 AKMAL
005 20170503121849.0
008 170503t2015 my ao g o001 0 eng d
020 _a9789671086407
_qhardback
040 _aAKMAL
082 0 4 _a728.8209595 MON
_223
090 0 0 _a728.8209595
_bMON
100 0 _aMd Nizam Md Sherif,
_cDato',
_eauthor.
_9792
245 1 0 _aISTANA NEGARA :
_bTHE NATIONAL PALACE OF MALAYSIA : A SYMBOL OF SOVEREIGNTY & MAJESTIC OF THE MALAY SULTANATE'S /
_cPUBLISHING DIRECTOR / WRITER Dato' Md Nizam B. Md Sharif
250 _aFirst Edition
264 1 _aKuala Lumpur :
_bMaya Maju (M) Sdn. Bhd.,
_c2015
300 _a290 pages :
_bcolour illustrations, colour photographs ;
_c29 cm
500 _aIncludes index
610 2 _aIstana Negara (Wilayah Persekutuan Kuala Lumpur)
_9793
650 1 0 _aPalaces
_zMalaysia
_vPictorial works
_9794
650 2 0 _aArchitecture
_zMalaysia
_xDesigns and plans
_9795
650 2 0 _aArchitecture
_zMalaysia
_vPictorial works
_9796
942 _2ddc
_cBOOK
950 _lAKMAL